00349pab a2200133 454500008004000000100002600040245005000066260000900116300001200125362001100137650003300148650001400181773002000195180718b2008 xxu||||| |||| 00| 0 eng d aBasantia, Tapan Kumar aManagement challenges of north-east education c2008 ap.9-13. a23 Jun aEducation - India,North East aEducation aUniversity News